| Tag |
First Indicator |
Second Indicator |
Subfields |
| LEADER |
00000cam a22000004a 4500 |
| 001 |
in00002148921 |
| 005 |
20151103163758.0 |
| 008 |
040402s2004 miua b 001 0 eng |
| 010 |
|
|
|a 2004047453
|
| 020 |
|
|
|a 0899901182 (alk. paper)
|
| 035 |
|
|
|a (OCoLC)ocm54913171
|
| 040 |
|
|
|a DLC
|c DLC
|d IAK
|d OCL
|d BAKER
|d UtOrBLW
|
| 042 |
|
|
|a pcc
|
| 049 |
|
|
|a TXAM
|
| 050 |
0 |
0 |
|a MT100.W2
|b K57 2004
|
| 082 |
0 |
0 |
|a 782.1/092
|2 22
|
| 100 |
1 |
|
|a Kirby, F. E.
|
| 245 |
1 |
0 |
|a Wagner's themes :
|b a study in musical expression /
|c F.E. Kirby.
|
| 264 |
|
1 |
|a Warren, Mich. :
|b Harmonie Park Press,
|c 2004.
|
| 300 |
|
|
|a xii, 232 pages :
|b illustrations ;
|c 27 cm.
|
| 336 |
|
|
|a text
|b txt
|2 rdacontent
|
| 337 |
|
|
|a unmediated
|b n
|2 rdamedia
|
| 338 |
|
|
|a volume
|b nc
|2 rdacarrier
|
| 490 |
1 |
|
|a Detroit monographs in musicology/Studies in music ;
|v no. 41
|
| 504 |
|
|
|a Includes bibliographical references (pages [215]-222) and indexes.
|
| 505 |
0 |
|
|a Introduction. Preliminaries ; Reminiscence themes and leitmotivs in opera ; What Wagner had to say about themes and expressivity ; Arguments con and pro ; History of reminiscence themes and leitmotivs in opera ; Principles of musical expression ; Typologies. -- Reminiscence themes in Wagner's early operas. The first three operas ; Der fliegende Holländer ; Tannhäuser und der Sängerkrieg auf der Wartburg ; Lohengrin. -- Leitmotivs in Der Ring des Nibelungen. Nature and the good ; Evil ; Strength and power ; Death and fate ; Magic and the supernatural: The Misterioso ; Emotions: joy, sorrow and suffering, fear, love and passion ; Abiding love: the Gods and Volsungs ; Abiding love: Brünnhilde and Siegfried ; World inheritance ; Passion. -- Leitmotivs in Tristan und Isolde, Die Meistersinger von Nürnberg, and Parsifal. Tristan und Isolde ; Die Meistersinger von Nürnberg ; Parsifal. -- Varied recapitulation and conclusion. Conventional musical types: Emotion ; Other affective musical types ; Functional types ; Literary aesthetic, and moral types ; Types from traditional (folk) music. -- Index of reminiscence themes and leitmotivs in Wagner's dramatic works.
|
| 600 |
1 |
0 |
|a Wagner, Richard,
|d 1813-1883.
|t Operas.
|
| 650 |
|
0 |
|a Operas
|x Analysis, appreciation.
|
| 600 |
1 |
0 |
|a Wagner, Richard,
|d 1813-1883
|x Themes, motives.
|
| 830 |
|
0 |
|a Detroit monographs in musicology/Studies in music ;
|v no. 41.
|
| 938 |
|
|
|a Baker & Taylor
|b BKTY
|c 45.00
|d 49.95
|i 0899901182
|n 0006004501
|s active
|
| 948 |
|
|
|a cataloged
|b h
|c 2006/7/25
|d c
|e bwalker
|f 10:58:06 am
|
| 994 |
|
|
|a C0
|b TXA
|
| 999 |
|
|
|a MARS
|
| 999 |
f |
f |
|s 91765fb4-6a63-324e-95a5-8f8cccbb4f66
|i 0c78368b-771e-3089-b705-ff98b9afec02
|t 0
|
| 952 |
f |
f |
|p ric
|a Texas A&M University
|b Rellis Campus
|c Joint Library Facility
|d Remote Storage
|t 0
|e MT100.W2 K57 2004
|h Library of Congress classification
|i unmediated -- volume
|m A14834559119
|
| 998 |
f |
f |
|a MT100.W2 K57 2004
|t 0
|l Remote Storage
|